000 00705nam a2200217 i 4500
001 bg
245 0 0 _aEuropean consumer guide to the single market /
_cEuropean Commission.
260 _aLuxembourg :
_bOffice for Official Publications of the European Communities,
_c1995.
300 _a213 s. :
_bfot. kolor., rys. ;
_c21 cm.
490 1 _aConsumer Protection
610 2 9 _aUnia Europejska
_xhandel
650 9 _aKonsumenci (ekon.)
_xzagadnienia
_xprawo
_zEuropa
_yod 1989 r.
830 _aConsumer Protection
020 _a92826870007
040 _cBPK
041 0 _aen
080 _a339.923:339.1:330.567.2
920 _a92-826-87000-7
942 _cKS
008 s pl f |000 0 pol
999 _c31467
_d31467
856 _uhttp://koha.tu.koszalin.pl/cgi-bin/koha/opac-detail.pl?biblionumber=31467
_yKatalog online BPK